| 000 | 01223nam0a22003011 4500 | ||
|---|---|---|---|
| 001 | rc\3821778 | ||
| 005 | 20120410182201.4 | ||
| 021 |
_aRU _b[76-29104] |
||
| 035 | _a(NLR Aleph) 007276136 | ||
| 090 |
_a5460862 _c5460862 |
||
| 100 | _a20120410d1976 |||y0rusy50 ca | ||
| 101 | 0 | _arus | |
| 102 |
_aRU _aRU |
||
| 105 | _aa z ||||| | ||
| 200 | 1 |
_aЛабораторные работы по теории механизмов и машин _e[Для машиностроит. специальностей втузов] _f[Е.А. Камцев, В.К. Акулич, Э.И. Астахов, С.М. Жуков] _gПод общ. ред. канд. техн. наук, доц. Е.А. Камцева |
|
| 210 |
_aМинск _cВышэйш. школа _d1976 |
||
| 215 |
_a175 с. _cил. _d20 |
||
| 320 | _aСписок лит.: с. 173 | ||
| 606 |
_aМеханизмы и машины, теория _jПрактические работы учащихся _2psbo |
||
| 701 | 1 |
_aАстахов _bЭ. И. |
|
| 701 | 1 |
_aЖуков _bС. М. |
|
| 701 | 1 |
_aАкулич _bВ. К. |
|
| 701 | 1 |
_aКамцев _bЕ. А. _4340 |
|
| 801 | 0 |
_aRU _bNLR _gpsbo |
|
| 801 | 1 |
_aRU _bELAR _2rusmarc |
|
| 852 |
_aNLR _j76-3/5955 |
||
| 942 | _cBOOK | ||
| 980 | _aNB | ||